| 000 | 00387cam a2200157ua 4500 | ||
|---|---|---|---|
| 041 |
_aeng _h |
||
| 082 |
_a828.09 _bGER/UT |
||
| 100 | _aGerber, Richard . | ||
| 245 |
_aUtopian fantasy / _cRichard Gerber. _hTextual Documents |
||
| 250 |
_a1 / _b. |
||
| 260 |
_aLondon : _bRoutledge & Kegan Paul Ltd , _c1955. |
||
| 300 | _a162 ; . | ||
| 504 | _a | ||
| 942 | _cBK | ||
| 999 |
_c3547 _d3547 |
||